| 000 | 01625nam a2200349 a 4500 | ||
|---|---|---|---|
| 001 | BRCA_3226 | ||
| 005 | 20190320204156.0 | ||
| 008 | 040309s1782----enka---###---#000-0#eng-# | ||
| 041 | _aeng | ||
| 044 | _aenk | ||
| 084 |
_a527 _b.S77 _c1782 |
||
| 100 | 1 |
_aCervantes Saavedra, Miguel de _d1547-1616 _9213 |
|
| 245 | 1 | 0 |
_aThe History and Adventures of the Renowned Don Quixote _cTranslated from the Spanish of Miguel de Cervantes Saavedra to wich is Prefixed some Account of the Author´s Life by T. Smollett. |
| 250 | _a5 | ||
| 260 |
_aLondres _bW. Strahan _c1782 |
||
| 300 |
_a4 v. _bil. _c19 cm. |
||
| 500 | _aContenido : v.1. Primera parte. Vida de Cervantes por Smollett. Advertencia del traductor. Prólogo del autor. -- v.2. Texto. -- v.3. Segunda parte. Prólogo del autor. Aprobaciones. Licencia de la edición príncipe. -- v.4. Texto | ||
| 500 | _aEdición : Illustrated with 28 new Copper-Plates Designed by Hayman and Elegantly Engraved | ||
| 500 | _aEjemplar igual al anterior [526]. Piel; lomeras decoradas con dorados Lúdovik Osterc | ||
| 500 | _aCon ex-libris de : Minto | ||
| 500 | _aQM421 | ||
| 546 | _aTexto en : inglés | ||
| 650 | 1 | 4 |
_aNovela española _yÉpoca clásica, 1500-1700 _9215 |
| 650 | 1 | 4 |
_aLiteratura española _yÉpoca clásica, 1500-1700 _9216 |
| 650 | 1 | 4 |
_aNovela española _ySiglo XVII _9217 |
| 650 | 1 | 4 |
_aDon Quijote (Personaje ficticio) _eNovela _9218 |
| 700 | 1 |
_aSmollett, Tobias George _d1721-1771 _eTraductor _98614 |
|
| 700 | 1 |
_aHayman, Francis _d1708-1776 _eIlustrador _98615 |
|
| 740 | 0 | _aEl Ingenioso Hidalgo Don Quijote de la Mancha | |
| 902 | _aQFM | ||
| 942 |
_2lcc _cB |
||
| 999 |
_c2962 _d2962 |
||